000 00475nam a2200145Ia 4500
008 100122s9999 xx 000 0 und d
082 _b14903
_a954.792
100 _aरानडे स अ
245 _aमहाराष्ट्र मागे का !
260 _bस.अ.रानडे
_c1965
300 _a148
630 _aमहाराष्ट्र मागे का !
730 _aमहाराष्ट्र मागे का !
942 _cBOOK
999 _c405246
_d405243